Obálka Náhled e-knihy:
PDF Epub
Pro půjčování e-knih musíte být přihlášeni.
Jak si půjčit online?

Proč jsem se neoběsila /

Humorně laděné krátké sloupky s tematikou všedního života jsou zaměřené hlavně na problémy současné ženy.

Uloženo v:
Hlavní autor: Pawlowská, Halina, 1955- (Autor)
Médium: E-kniha
Jazyk:Czech
Vydáno: Praha : Motto, 2018
Vydání:Vydání čtvrté
Témata:
Tagy:
Žádné tagy
LEADER 01981nam a2200409 i 4500
001 310911
003 CZ PrSKC
005 20260601215656.0
007 ta
008 180718s2018 xr a g 000 j cze
015 |a cnb003009353 
020 |a 9788026712015  |q (vázáno) 
035 |a (OCoLC)1051235725 
040 |a OLA001  |b cze  |e rda 
072 7 |a 821.162.3-3  |x Česká próza  |2 Konspekt 
080 |a 821.162.3-32  |2 MRF 
080 |a (0:82-321.5)  |2 MRF 
100 1 |a Pawlowská, Halina,  |d 1955-  |7 jn99240000851  |4 aut 
245 1 0 |a Proč jsem se neoběsila /  |c Halina Pawlowská 
250 |a Vydání čtvrté 
264 1 |a Praha :  |b Motto,  |c 2018 
300 |a 127 stran :  |b ilustrace ;  |c 20 cm 
336 |a text  |b txt  |2 rdacontent 
337 |a bez média  |b n  |2 rdamedia 
338 |a svazek  |b nc  |2 rdacarrier 
500 |a Údaj o vydání je chybný, správně má být: Vydání páté 
520 2 |a Humorně laděné krátké sloupky s tematikou všedního života jsou zaměřené hlavně na problémy současné ženy.  |b Vtipně a s nadhledem hodnotí autorka některé typicky ženské vlastnosti a specifické problémy, ale kriticky se dívá i na určité příznačné projevy současného zápolení s demokracií v postkomunistické společnosti. 
655 7 |a české povídky  |7 fd133971  |2 czenas 
655 7 |a humoristické povídky  |7 fd132428  |2 czenas 
655 9 |a Czech short stories  |2 eczenas 
655 9 |a humorous short stories  |2 eczenas 
900 |a ABA001  |b 19 
928 9 |a Albatros Media - Motto 
044 |a xr 
910 |a RBIT002 
998 |d 178839  |a https://core.palmknihy.cz/api/books/178839/cover?pbssc7  |b https://core.palmknihy.cz/api/books/178839/cover/400?pbssc7  |c https://core.palmknihy.cz/api/books/178839/cover/50?pbssc7  |e 2027-12-31  |g 136  |i 9788026712015  |j https://core.palmknihy.cz/api/books/178839/preview.epub  |k https://core.palmknihy.cz/api/books/178839/preview.pdf  |l   |q 49  |r 1  |s https://www.palmknihy.cz/kniha/178839  |t ebook  |y 2018  |z 0 
999 |d 310909